Perspective drawing handbook / (Record no. 650)

MARC details
000 -LEADER
fixed length control field 00711pam a2200265 a 4500
003 - CONTROL NUMBER IDENTIFIER
control field data
005 - DATE AND TIME OF LATEST TRANSACTION
control field 20260322212028.0
008 - FIXED-LENGTH DATA ELEMENTS--GENERAL INFORMATION
fixed length control field data
010 ## - LIBRARY OF CONGRESS CONTROL NUMBER
LC control number 2003048961
015 ## - NATIONAL BIBLIOGRAPHY NUMBER
National bibliography number GBA3-V9368
020 ## - INTERNATIONAL STANDARD BOOK NUMBER
International Standard Book Number 0486432084
020 ## - INTERNATIONAL STANDARD BOOK NUMBER
International Standard Book Number 9780486432083
040 ## - CATALOGING SOURCE
Original cataloging agency DLC
Transcribing agency DLC
Modifying agency ODC
-- UKM
-- BAKER
-- ODC
050 00 - LIBRARY OF CONGRESS CALL NUMBER
Classification number NC750
Item number .D3 2004
092 ## - LOCALLY ASSIGNED DEWEY CALL NUMBER (OCLC)
Classification number 742 Dam 2004
001 - CONTROL NUMBER
control field data
100 1# - MAIN ENTRY--PERSONAL NAME
Personal name D'Amelio, Joseph.
245 10 - TITLE STATEMENT
Title Perspective drawing handbook /
Statement of responsibility, etc. Joseph D'Amelio.
250 ## - EDITION STATEMENT
Edition statement Dover ed.
260 ## - PUBLICATION, DISTRIBUTION, ETC.
Place of publication, distribution, etc. Mineola, N.Y. :
Name of publisher, distributor, etc. Dover Publications,
Date of publication, distribution, etc. 2004.
300 ## - PHYSICAL DESCRIPTION
Extent 96 p. :
Other physical details ill. ;
Dimensions 28 cm.
500 ## - GENERAL NOTE
General note Originally published: New York : Tudor Pub. Co., 1964.
650 #0 - SUBJECT ADDED ENTRY--TOPICAL TERM
Topical term or geographic name entry element Perspective.
650 #0 - SUBJECT ADDED ENTRY--TOPICAL TERM
Topical term or geographic name entry element Drawing
General subdivision Technique.
Holdings
Withdrawn status Lost status Damaged status Not for loan Home library Current library Shelving location Date acquired Total checkouts Full call number Barcode Date last seen Price effective from Koha item type
        Franklin Franklin General stacks 22/03/2026   NC750 .D3 2004 BC0010667 22/03/2026 22/03/2026 Books